|
|
|
|
| LEADER |
00000cam a2200000 a 4500 |
| 001 |
vtls011715422 |
| 003 |
SK-MaSNL |
| 005 |
20260301094712.0 |
| 008 |
180105s2017 xo o e c 000 0 slo |
| 015 |
|
|
|a SNBE2018
|
| 020 |
|
|
|a 9788080592073 (brož.)
|
| 040 |
|
|
|a SNK
|b slo
|c SNK
|e AACR2
|
| 041 |
1 |
|
|a slo
|h eng
|
| 043 |
|
|
|a e-xo---
|
| 044 |
|
|
|a xo
|c SK
|
| 072 |
|
7 |
|a 7.01/.09
|x Umenie
|2 konspekt
|
| 080 |
|
|
|a 7.033.5
|2 2011
|
| 080 |
|
|
|a 7.046.3
|2 2011
|
| 080 |
|
|
|a (437.6)
|2 2011
|
| 080 |
|
|
|a (083.824)
|2 2011
|
| 080 |
|
|
|a 75.033.5
|2 2011
|
| 080 |
|
|
|a 726.591.033.5
|2 2011
|
| 245 |
0 |
0 |
|a Majster z Okoličného a gotické umenie Spiša okolo roku 1500
|b [07.-09.-26.11.2017 Slovenská národná galéria Bratislava, Námestie Ľ. Štúra 4, Esterházyho palác, II. poschodie
|c Dušan Buran (ed.) ; [texty Dušan Buran ... [et al.] ; kurátor výstavy Dušan Buran ; fotografie Martin Deko ... [et al.] ; translations Elena Paul McCullough ... [et al.]]
|
| 260 |
|
|
|a Bratislava
|b Slovenská národná galéria
|c 2017
|
| 300 |
|
|
|a 175 s.
|b fotogr.
|c 24 cm
|
| 504 |
|
|
|a Bibliografia s. 167-174
|
| 600 |
0 |
7 |
|a Majster z Okoličného
|2 SVKBBMA
|9 428886
|
| 648 |
|
7 |
|a 14.-16. stor.
|2 SNKPH
|9 316269
|
| 648 |
|
7 |
|a 14th-16th centuries
|2 SNKPHeng
|9 327922
|
| 648 |
|
7 |
|a 1500
|2 SNKPH
|9 425149
|
| 650 |
0 |
7 |
|a gotické umenie
|2 SNKPH
|9 1065
|
| 650 |
0 |
7 |
|a sakrálne umenie
|2 SNKPH
|9 1064
|
| 650 |
0 |
7 |
|a Gothic painting
|2 SNKPHeng
|9 327093
|
| 650 |
0 |
7 |
|a Sacred art
|2 SNKPHeng
|9 328730
|
| 650 |
0 |
7 |
|a gotické maliarstvo
|2 SNKPH
|9 85635
|
| 650 |
0 |
7 |
|a gotické oltáre
|2 SNKPH
|9 87958
|
| 650 |
0 |
7 |
|a Gothic altars
|2 SNKPHeng
|9 298374
|
| 650 |
0 |
7 |
|a Gothic art
|2 SNKPHeng
|9 316295
|
| 651 |
|
7 |
|a Spiš (Slovensko : región)
|2 SNKPH
|9 17692
|
| 651 |
|
7 |
|a Spiš (Slovakia : region)
|2 SNKPHeng
|9 172605
|
| 651 |
|
7 |
|a Okoličné (Liptovský Mikuláš, Slovensko)
|2 SNKPH
|9 162855
|
| 651 |
|
7 |
|a Okoličné (Liptovský Mikuláš, Slovakia)
|2 SNKPHeng
|9 428887
|
| 655 |
|
7 |
|a katalógy výstav
|2 SNKPH
|9 70445
|
| 655 |
|
7 |
|a Exhibition catalogs
|2 SNKPHeng
|9 266232
|
| 700 |
1 |
|
|a Deko Dökereš, Martin
|4 pht
|9 167513
|
| 700 |
1 |
|
|a McCullough, Elena
|4 trl
|9 195340
|
| 700 |
1 |
|
|a McCullough, Paul,
|d 1956-
|4 trl
|9 195335
|
| 700 |
1 |
|
|a Ragač, Radoslav,
|d 1975-
|4 aut
|9 103568
|
| 700 |
1 |
|
|a Pomichal, Miroslav,
|d 1984-
|4 trl
|9 176403
|
| 700 |
1 |
|
|a Tharp, Martin
|4 trl
|9 335004
|
| 700 |
1 |
|
|a Buran, Dušan,
|d 1969-
|4 aut
|4 edt
|4 cur
|9 107711
|
| 700 |
1 |
|
|a Čičo, Martin
|4 aut
|9 428888
|
| 700 |
1 |
|
|a Kusá, Alexandra,
|d 1973-
|4 aut
|9 11706
|
| 700 |
1 |
|
|a Pomfyová, Bibiana
|4 aut
|9 12609
|
| 711 |
2 |
|
|a Najkrajšie knihy Slovenska
|n (XXVI. (54.) :
|d 2017
|c Bratislava, Slovensko).
|e Kategória: Knihy o výtvarnom umení a obrazové publikácie.
|e Diplom
|9 428889
|
| 852 |
|
|
|a Štátna vedecká knižnica v Banskej Bystrici
|
| 919 |
|
|
|a 978-80-859-207-3
|
| 999 |
|
|
|c 681047
|d 682977
|
| 952 |
|
|
|a SNK
|b SNK
|y PREZ
|7 0
|p 17A1273553
|o snkOSC 28155
|i snk2017/22549
|8 0
|0 0
|1 0
|4 0
|d 2017-10-16
|l 0
|r 2026-02-23 19:56:37
|w 2026-02-23
|
| 952 |
|
|
|a SNK
|b SNK
|y VYP
|7 0
|p 17A1273554
|o snkOSC 28155 D1
|i snk2017/22550
|8 0
|0 0
|1 0
|4 0
|d 2017-10-16
|l 0
|r 2026-02-23 19:56:37
|w 2026-02-23
|